| 000 | 00479nam a2200145 a 4500 | ||
|---|---|---|---|
| 001 | 000029067 | ||
| 005 | 20200930055318.0 | ||
| 008 | 110413s1985 dr 000 0 spa d | ||
| 040 |
_aDO-SdBNP _bspa _cBNPHU |
||
| 100 | 1 |
_aDíaz Vásquez, Rafael A. _955970 |
|
| 245 | 1 | 3 |
_aEl Suroeste ha sido, es y será, savia vital de las esencias de la Patria / _cRafael A. Díaz Vásquez. |
| 260 |
_aSanto Domingo : _bEditora Alfa y Omega, _c1985. |
||
| 300 |
_a24 p. ; _c21 cm. |
||
| 049 | _aBNPD | ||
| 999 |
_c28559 _d28559 |
||